Quizzes
Events
Quiz Creation
Community
Videos
Private Events
Remove Ads
Sign In
Join for FREE
Feedback
Dark Mode
Quiz Categories
Sports
Geography
Music
Movies
Television
Just For Fun
Miscellaneous
History
Literature
Language
Science
Gaming
Entertainment
Religion
Holiday
For Kids
Quiz Lab
Recent
Popular Today
Quiz Kudos Today
Editor Picks
Curator Picks
Quizzes by...
Day
Popularity
Type
Ratings
Length
Year
Community
Subscriptions
Recent Discussions
Orange Saloon
Badges
Playlists
Quests
Create
Leaderboards
Showdown
Live 5
Trivia Bingo
Activity
Puzzle Library
Sporcle Events
Private Events
Virtual Trivia
Globe League
Become a Host
Pub Owners
SporcleCon
Opinionation
Our Games
Videos
Blog
Mobile Apps
Partnerships
Remove Ads and Go Orange
Feedback
Sports
Athletes
MLB
NBA
NHL
NFL
Soccer
Sports Teams
WWE
NCAA
Football
Premier League
Basketball
Baseball
Hockey
Golf
Tennis
Cricket
Rugby
Auto Racing
Olympics
World Cup
Sports
Athletes
MLB
NBA
NHL
NFL
Soccer
Sports Teams
WWE
NCAA
Football
Premier League
Basketball
Baseball
Hockey
Golf
Tennis
Cricket
Rugby
Auto Racing
Olympics
World Cup
Random Quiz
Search Sporcle
×
Quiz Lab
Quiz Lab
Sports
goal
Type in answers that appear in a list
Type in answers that appear in a list
Classic
Best Score? Go Orange.
Sedin Beneficiaries Stats
Can you name the 57 players that have scored a goal assisted by both Sedins?
By
passittobulis
20m
57 Questions
8,085 Plays
8,085 Plays
8,085 Plays
Comments
Comments
Give Quiz Kudos
Give Quiz Kudos
-
- Ratings
hide this ad
Replay
Link that replays current quiz
Next Quiz
Link to next quiz in quiz playlist
You Got
0%
They Got
Avg Score
41%
Avg Friend Score
Upgrade to see
Score Distribution
Jump to the score distribution portion of the page
Score
0/57
Timer
20:00
0
Plays Today
Years with Canucks
% Correct
2005-
2017
Alex Burrows
95.3%
2003-
2014
Ryan Kesler
90.7%
1995-
2008
Markus Naslund
88.6%
2014-
present
Bo Horvat
86.3%
2006-
present
Alexander Edler
85.3%
1988-
1998, 2001-
08
Trevor Linden
83%
2017-
present
Brock Boeser
82.8%
1997-
2006
Todd Bertuzzi
82.5%
2005-
2015
Kevin Bieksa
81.4%
2005-
2006
Anson Carter
78.9%
2002-
2012
Sami Salo
77.5%
2006-
2017
Jannik Hansen
71.9%
1999-
2008
Brendan Morrison
70.4%
2010-
2016
Dan Hamhuis
69.5%
1997-
2009
Mattias Ohlund
69.3%
2010-
present
Chris Tanev
69.2%
2016-
present
Loui Eriksson
65.2%
2007-
2013
Mason Raymond
60.9%
2015-
present
Brandon Sutter
59.6%
2014-
2016
Radim Vrbata
58.4%
2012-
2015
Zack Kassian
57.4%
2009-
2011
Christian Ehrhoff
55.6%
2015-
present
Ben Hutton
55.1%
2017-
present
Sam Gagner
54.8%
2014-
present
Sven Baertschi
54.1%
2012-
2014
Jason Garrison
53.9%
1998-
2003
Trent Klatt
52.2%
2017-
2018
Thomas Vanek
52%
2017-
present
Nikolay Goldobin
49.7%
Years with Canucks
% Correct
2016-
present
Markus Granlund
48.7%
2009-
2012
Mikael Samuelsson
48.6%
1998-
2006
Ed Jovanovski
47.6%
2002-
2004
Jason King
47%
1999-
2008
Matt Cooke
43.8%
2006-
2009
Taylor Pyatt
41.8%
2010-
2013
Keith Ballard
40.1%
2008-
2010
Pavol Demitra
37.4%
2006-
2007
Jan Bulis
35.7%
2009-
2012
Aaron Rome
34.3%
2008-
2010
Steve Bernier
33.8%
2006-
2010
Willie Mitchell
33.6%
2013-
2015
Ryan Stanton
31.5%
1998-
2004, 2006-
07
Brent Sopel
31%
2014-
2015
Nick Bonino
29.9%
1999-
2006
Jarkko Ruutu
23.1%
2002-
2003, 2003-
2006, 2009-
2010
Nolan Baumgartner
22.4%
2013-
2016
Yannick Weber
21.8%
2010-
2011
Jeff Tambellini
21.4%
2006-
2008
Lukas Krajicek
21.2%
2003-
2004
Magnus Arvedson
18.5%
1998-
2003
Murray Baron
18.3%
2013-
2014
Zac Dalpe
17.4%
2009-
2010
Brad Lukowich
14.5%
2007-
2008
Ryan Shannon
12.2%
2006-
2007
Bryan Smolinski
11.8%
2000-
2002
Scott Lachance
10%
2001-
2003
Todd Warriner
7.3%
Quiz Playlist
Details
Report
Send in Message
Add To Playlist
Classic:
Type in answers that appear in a list
Last Updated: Apr 4, 2018
Quiz Scoreboard
CHALLENGE
Sign Up to Join the Scoreboard
Show All
Scores
Hide
Comments
May contain spoilers
Recently Published
An Introduction to Baseball
by treessimontrees
Sports
5m
Movies - When Are They Set?
by FPL_Elf
Movies
5m
Popular People in 1961
by mucciniale
History
6m
More to Explore
Quiz From the Vault
Featured Blog Post
Where Did the Easter Bunny Come From?
hide this ad
You Might Also Like...
Tags
Assisted
goal
Player
Vancouver Canucks
Today's Top Quizzes in Sports
Browse Sports
hide this ad
Today's Top Quizzes in goal
Browse goal
Top Contributed Quizzes in Sports
1
Les meilleurs buteurs des matchs entre le PSG et l’OM
2
2022 World Cup Stars
3
FIFA Club World Cup Champions
4
Les entraîneurs de l'OM et du PSG au 21e siècle
5
Name the Premier League winners with different clubs
6
La finale Lions - Afrique du Sud 2021
7
Les joueurs passés par le LOSC et le RC Lens
8
Criteria MLB: Left Handed Sluggers
9
Players with Multiple 50 Home Run Seasons
10
5-to-1: UK Sports Teams
Explore More
Trending Topics
Kpop
Crossword
Marvel
Disney
Anime
Harry Potter
NBA
Pokémon
Puzzle
WWE
Song
Country
NFL
Soccer
The Office
hide this ad
More By:
passittobulis
Quiz
Plays
Rating
Category
Featured
Created
Sedin Beneficiaries
8,085
4.55
Sports
Nov 21, 2012
Canucks shootout scorers
690
5.00
Sports
Dec 18, 2013
Go to Creator's Profile
Score Distribution
Quiz Creator Spotlight
passittobulis
Follow
Send a Message
Quizzes Created
-
Created Quiz Play Count
-
More By This Creator
Popular Quizzes Today
1
Find the Countries of Europe - No Outlines Minefield
2
Find the US States - No Outlines Minefield
3
The Countries of the World
4
Popular People in 1961
5
US States
6
Find the US States
7
1-10 Letter E Words III
8
Risky Map Clicking: Biggest States A-Z
More Sports Quizzes
NBA MVP Reveal X
Quiz Lab
Trending Quizzes
Risky Map Clicking: Least Populous States A-Z
1-10 Letter F Words
1-10 Letter G Words
Not Quite an Element Typing Challenge
One Thing in Common: United Kingdom
Recently Updated
Leaping Animals
pecheneg
Reality TV Shows (A-Z)
bhenderson79
Rickey Henderson's Hall of Fame Teammates
pecheneg
Champions League XIs: Arsenal
pecheneg
Quick Pick: Celebrities in WWE's Hall of Fame
aduchscher
A-Z Keypad Blitz II
pecheneg
Multiple Oscar Actors
pecheneg
Mystery Phrase Blitz: Oscar 'Best Actors'
pecheneg
F. Scott Fitzgerald Novels
LTH
Pick 3 Villains
ddd62291
Trending Topics
Marvel
Crossword
Anime
NBA
Harry Potter
Disney
Kpop
Country
Song
Soccer
WWE
Puzzle
The Office
Pokémon
NFL
Your Account Isn't Verified!
In order to create a playlist on Sporcle, you need to verify the email address you used during registration. Go to your
Sporcle Settings
to finish the process.
Report this User
Report this user for behavior that violates our
Community Guidelines
.
Details:
Send Report
Go to the Sporcle.com Mobile Site →
Comments